[Event "Kemerovo Region-ch"]
[Site "Kemerovo"]
[Date "2013.10.21"]
[Round "5"]
[White "Mikhailov, Vladimir"]
[Black "Ushacov, Vladimir"]
[Result "1/2-1/2"]
[WhiteElo "2307"]
[BlackElo "2107"]
[PlyCount "111"]
[EventDate "2013.10.18"]
[EventType "swiss"]
[EventRounds "9"]
[EventCountry "RUS"]
[SourceTitle "EXT 2014"]
[Source "ChessBase"]
[SourceDate "2013.11.20"]
[SourceVersion "1"]
[SourceVersionDate "2013.11.20"]
[SourceQuality "1"]

1. d4 d5 2. c4 c6 3. Nf3 Nf6 4. Nc3 dxc4 5. a4 Bf5 6. Ne5 Nbd7 7. Nxc4 Qc7 8. g3 e5 9. dxe5 Nxe5 10. Bf4 Nfd7 11. Bg2 f6 12. a5 a6 13. 0-0 Be6 14. Nxe5 Nxe5 15. Ne4 Be7 16. Qc2 0-0 17. Nc5 Bxc5 18. Qxc5 Rad8 19. b4 Rd7 20. Rad1 Rfd8 21. Qc2 Rd4 22. Be3 Rxd1 23. Rxd1 Rxd1+ 24. Qxd1 Qd7 25. Qxd7 Nxd7 26. Bd4 Kf7 27. e4 Ke7 28. f4 Kd6 29. Kf2 Bc4 30. Ke3 Ke6 31. Bc3 Kd6 32. Kd4 Bf7 33. Bd2 Be6 34. Bf3 Ke7 35. g4 h6 36. h4 Bb3 37. g5 hxg5 38. hxg5 Ba2 39. Bc1 Be6 40. Ba3 Ke8 41. Bh5+ Kd8 42. Bc1 Ke7 43. Be3 Kd8 44. Bf2 Ke7 45. Bh4 Kf8 46. Bg6 Bg4 47. Bg3 Ke7 48. gxf6+ gxf6 49. e5 fxe5+ 50. fxe5 Nf8 51. Bh4+ Kd7 52. Bc2 Ne6+ 53. Ke3 Bh3 54. Be4 Bf1 55. Bf5 Bc4 56. Bf6 1/2-1/2

[Event "Kemerovo Kuzbass-ch"]
[Site "Kemerovo"]
[Date "2012.11.27"]
[Round "6"]
[White "Vlassov, Nikolai"]
[Black "Ushacov, Vladimir"]
[Result "1-0"]
[WhiteElo "2427"]
[BlackElo "2141"]
[PlyCount "103"]
[EventDate "2012.11.23"]
[EventType "swiss"]
[EventRounds "9"]
[EventCountry "RUS"]
[SourceTitle "CBM 151 Extra"]
[Source "ChessBase"]
[SourceDate "2012.12.18"]
[SourceVersion "1"]
[SourceVersionDate "2012.12.18"]
[SourceQuality "1"]

1. e4 c5 2. c3 Nf6 3. e5 Nd5 4. d4 cxd4 5. cxd4 e6 6. Nc3 Nxc3 7. bxc3 d5 8. Bd3 Qc7 9. Bd2 Nc6 10. Nf3 Na5 11. 0-0 Nc4 12. Bc1 Be7 13. a4 b6 14. Ne1 h5 15. Ra2 Ba6 16. Qf3 Qb7 17. Qe2 b5 18. Bxc4 dxc4 19. axb5 Bxb5 20. Nc2 a6 21. Ba3 g6 22. Rb1 0-0 23. Rab2 Qd7 24. Bxe7 Qxe7 25. Rb4 Rfc8 26. Ne3 Ra7 27. h3 Qg5 28. Rf1 Qf4 29. Nc2 Qf5 30. Rd1 Rcc7 31. Rd2 Rab7 32. d5 exd5 33. Rxd5 Rd7 34. Nd4 Qd3 35. Rxd7 Rxd7 36. Qe1 Rxd4 37. cxd4 Qxd4 38. Rb1 Qd5 39. Rd1 Qc6 40. Rd6 Qc7 41. Qc3 Kh7 42. Kh2 Qc5 43. Rf6 Qd5 44. f3 Qd3 45. Rxf7+ Kg8 46. Qxd3 cxd3 47. Rf6 Kg7 48. Kg3 a5 49. Kf2 a4 50. Rb6 Bc4 51. Rb7+ Kf8 52. Ra7 1-0

[Event "Kemerovo Kuzbass-ch"]
[Site "Kemerovo"]
[Date "2012.11.24"]
[Round "1"]
[White "Kudriashov, Anatolij"]
[Black "Ushacov, Vladimir"]
[Result "0-1"]
[WhiteElo "1825"]
[BlackElo "2141"]
[PlyCount "54"]
[EventDate "2012.11.23"]
[EventType "swiss"]
[EventRounds "9"]
[EventCountry "RUS"]
[SourceTitle "CBM 151 Extra"]
[Source "ChessBase"]
[SourceDate "2012.12.18"]
[SourceVersion "1"]
[SourceVersionDate "2012.12.18"]
[SourceQuality "1"]

1. e4 c5 2. Nc3 Nc6 3. Nf3 g6 4. Bb5 Bg7 5. 0-0 d6 6. Re1 e5 7. h3 Nge7 8. a3 0-0 9. Bc4 Nd4 10. Nd5 Nec6 11. c3 Nxf3+ 12. Qxf3 Kh8 13. d3 f5 14. exf5 gxf5 15. Qh5 f4 16. d4 Rf5 17. Qg4 Rg5 18. Qf3 cxd4 19. Bd2 Bf5 20. g4 h5 21. Kh2 hxg4 22. Qg2 g3+ 23. fxg3 Rxg3 24. Qf1 Qh4 25. Nxf4 exf4 26. Bxf4 Rxh3+ 27. Kg2 Qg4+ 0-1

[Event "Novokuznetsk op"]
[Site "Novokuznetsk"]
[Date "2012.08.09"]
[Round "8"]
[White "Korobeynikov, Alexandr"]
[Black "Ushacov, Vladimir"]
[Result "0-1"]
[WhiteElo "1879"]
[BlackElo "2141"]
[PlyCount "77"]
[EventDate "2012.08.02"]
[EventType "swiss"]
[EventRounds "9"]
[EventCountry "RUS"]
[SourceTitle "EXT 2013"]
[Source "ChessBase"]
[SourceDate "2012.11.22"]
[SourceVersion "1"]
[SourceVersionDate "2012.11.22"]
[SourceQuality "1"]

1. d4 Nf6 2. Nf3 g6 3. Bf4 Bg7 4. Nbd2 c5 5. c3 d6 6. dxc5 dxc5 7. Bxb8 Rxb8 8. Qa4+ Bd7 9. Qxa7 Qc7 10. Nb3 Ne4 11. Nfd2 Nxd2 12. Nxd2 0-0 13. Nb3 Rfc8 14. Rd1 Be6 15. Qa5 Qxa5 16. Nxa5 Ra8 17. Nxb7 Rab8 18. e3 c4 19. Na5 Rxb2 20. Rc1 Rxa2 21. Nxc4 Bxc4 22. Bxc4 Rxc4 23. 0-0 Rxc3 24. Rcd1 Bf6 25. g3 Rcc2 26. Kg2 h5 27. h4 e6 28. Kf3 Kg7 29. Rd7 Ra1 30. Rdd1 Rxd1 31. Rxd1 Be7 32. Rb1 Bc5 33. Rb7 Ba3 34. Rb3 Bb2 35. Rd3 Bc3 36. Rd1 g5 37. Kg2 Kg6 38. Kg1 Bd2 39. Kg2 0-1

[Event "Novokuznetsk op"]
[Site "Novokuznetsk"]
[Date "2012.08.04"]
[Round "3"]
[White "Ushacov, Vladimir"]
[Black "Gorbachev, Alexandr"]
[Result "1-0"]
[WhiteElo "2141"]
[BlackElo "1896"]
[PlyCount "63"]
[EventDate "2012.08.02"]
[EventType "swiss"]
[EventRounds "9"]
[EventCountry "RUS"]
[SourceTitle "EXT 2013"]
[Source "ChessBase"]
[SourceDate "2012.11.22"]
[SourceVersion "1"]
[SourceVersionDate "2012.11.22"]
[SourceQuality "1"]

1. Nf3 e6 2. g3 b6 3. Bg2 Bb7 4. c4 f5 5. 0-0 Nf6 6. b3 Be7 7. Bb2 0-0 8. d3 Nh5 9. e3 Bf6 10. d4 d6 11. Ng5 Bxg2 12. Nxe6 Qe7 13. Kxg2 Nxg3 14. Nxf8 Nxf1 15. Qf3 Nxe3+ 16. fxe3 c6 17. Nxh7 Kxh7 18. Qxf5+ g6 19. Qh3+ Bh4 20. Nd2 Nd7 21. Nf3 g5 22. Qf5+ Kh6 23. Nxh4 gxh4 24. e4 Rg8+ 25. Kh3 Rf8 26. Bc1+ Kg7 27. Qg4+ Kf7 28. Bg5 Nf6 29. Rf1 Ke8 30. Qc8+ Kf7 31. Rxf6+ Qxf6 32. Qxf8+ 1-0

[Event "Kuzbass-ch op"]
[Site "Kemerovo"]
[Date "2011.10.20"]
[Round "8"]
[White "Siuniakov, Igor"]
[Black "Ushacov, Vladimir"]
[Result "1-0"]
[WhiteElo "2321"]
[BlackElo "2137"]
[PlyCount "131"]
[EventDate "2011.10.14"]
[EventType "swiss"]
[EventRounds "9"]
[EventCountry "RUS"]
[SourceTitle "EXT 2012"]
[Source "ChessBase"]
[SourceDate "2011.11.24"]
[SourceVersion "1"]
[SourceVersionDate "2011.11.24"]
[SourceQuality "1"]

1. Nf3 d5 2. g3 Nf6 3. Bg2 c6 4. 0-0 Bf5 5. d3 Nbd7 6. Nbd2 e5 7. Qe1 Bd6 8. e4 dxe4 9. dxe4 Bg4 10. Nc4 Qe7 11. Nxd6+ Qxd6 12. b3 0-0 13. a4 Rfe8 14. Ba3 Qc7 15. Nd2 Nb6 16. a5 Nc8 17. Nc4 b5 18. axb6 axb6 19. Bb2 Rxa1 20. Qxa1 Nd7 21. f3 Bh5 22. Rd1 f6 23. Ne3 Nc5 24. b4 Ne6 25. Rd3 Rd8 26. Qd1 Rxd3 27. Qxd3 Nd6 28. Nf5 Nb5 29. Bf1 Nbd4 30. Nxd4 Nxd4 31. g4 Bf7 32. Bxd4 exd4 33. Qxd4 c5 34. bxc5 bxc5 35. Qd2 g5 36. Kg2 Qe5 37. Bb5 Qc7 38. Bd7 Kg7 39. Bf5 h6 40. Qd7 Qe5 41. Qd2 Qc7 42. Qc3 Qe5 43. Qd2 Qc7 44. Bd7 Qd8 45. e5 fxe5 46. Qd6 Qf6 47. Qxc5 Qf4 48. Bf5 Qd2+ 49. Qf2 Qc3 50. Be4 Kf6 51. Qb6+ Kg7 52. Qd6 Qd4 53. Qxd4 exd4 54. f4 Kf6 55. Kf3 Bc4 56. Kg3 Be2 57. h4 Bc4 58. Bh7 Bd5 59. Bf5 Bc6 60. fxg5+ hxg5 61. h5 Bd5 62. h6 Bc6 63. Kf2 Bb5 64. Ke1 Bc4 65. Kd1 Bd5 66. Kc1 1-0

[Event "Kemerovo op"]
[Site "Kemerovo"]
[Date "2011.07.27"]
[Round "4"]
[White "Ponomarev, Dmitry"]
[Black "Ushacov, Vladimir"]
[Result "1/2-1/2"]
[WhiteElo "2401"]
[BlackElo "2147"]
[PlyCount "77"]
[EventDate "2011.07.25"]
[EventType "swiss"]
[EventRounds "9"]
[EventCountry "RUS"]
[SourceTitle "EXT 2012"]
[Source "ChessBase"]
[SourceDate "2011.11.24"]
[SourceVersion "1"]
[SourceVersionDate "2011.11.24"]
[SourceQuality "1"]

1. d4 Nf6 2. Bg5 Ne4 3. Bf4 d5 4. e3 c5 5. Bd3 Nf6 6. c3 Qb6 7. Qc1 g6 8. Nf3 Bg7 9. 0-0 0-0 10. Nbd2 Nc6 11. h3 Nd7 12. Rd1 e5 13. dxe5 Ndxe5 14. Be2 Be6 15. Ng5 Bd7 16. Ndf3 Be6 17. Nxe6 fxe6 18. Qc2 Rad8 19. Qb3 Nf7 20. Qxb6 axb6 21. Bc7 Rc8 22. Bxb6 Nce5 23. Nxe5 Nxe5 24. Bb5 Rf7 25. a4 Nd7 26. Ba7 Bf8 27. a5 Ra8 28. Bb6 Nxb6 29. axb6 Rd8 30. e4 Rd6 31. exd5 exd5 32. Be2 Kg7 33. Bf3 d4 34. cxd4 cxd4 35. b3 Rfd7 36. Rd3 Rxb6 37. Ra7 Bb4 38. Bg4 Rd8 39. Bf3 1/2-1/2

[Event "Kuzbass-ch"]
[Site "Kemerovo"]
[Date "2010.10.30"]
[Round "9"]
[White "Ushacov, Vladimir"]
[Black "Konyshev, Artem"]
[Result "1/2-1/2"]
[WhiteElo "2145"]
[BlackElo "2368"]
[PlyCount "86"]
[EventDate "2010.10.23"]
[EventType "swiss"]
[EventRounds "9"]
[EventCountry "RUS"]
[SourceTitle "EXT 2011"]
[Source "ChessBase"]
[SourceDate "2010.11.26"]
[SourceVersion "1"]
[SourceVersionDate "2010.11.26"]
[SourceQuality "1"]

1. d4 Nf6 2. Nf3 e6 3. g3 b5 4. Bg2 Bb7 5. c3 c5 6. 0-0 Qb6 7. Nbd2 d5 8. e3 Nc6 9. Nb3 Bd6 10. dxc5 Bxc5 11. Nxc5 Qxc5 12. Nd4 0-0 13. Nxc6 Bxc6 14. Qd4 Qe7 15. f3 e5 16. Qh4 Qc5 17. Kh1 e4 18. f4 a5 19. Bd2 Nd7 20. g4 Qb6 21. a3 Nc5 22. Rab1 f5 23. gxf5 Bd7 24. Bh3 Bxf5 25. Rg1 Bxh3 26. Qxh3 Qe6 27. Rg4 Qf5 28. Rbg1 Ne6 29. c4 bxc4 30. Bc3 Ra7 31. Qh6 Rff7 32. Be5 Kf8 33. Qh4 Ke8 34. Qe1 g6 35. Qd1 Rfd7 36. R4g2 Ra8 37. Rd2 Rad8 38. Qa4 Nc5 39. Qc6 Nd3 40. Bf6 Qh3 41. Rgg2 Qf3 42. Qe6+ Kf8 43. Bxd8 Qf1+ 1/2-1/2

[Event "Kemerovo op 08"]
[Site "Kemerovo"]
[Date "2010.08.21"]
[Round "1"]
[White "Nevostrujev, Vladimir"]
[Black "Ushacov, Vladimir"]
[Result "1-0"]
[WhiteElo "2483"]
[BlackElo "2145"]
[PlyCount "37"]
[EventDate "2010.08.21"]
[EventType "swiss"]
[EventRounds "9"]
[EventCountry "RUS"]
[SourceTitle "CBM 138 Extra"]
[Source "ChessBase"]
[SourceDate "2010.10.29"]
[SourceVersion "1"]
[SourceVersionDate "2010.10.29"]
[SourceQuality "1"]

1. e4 c5 2. Nf3 Nc6 3. d4 cxd4 4. Nxd4 g6 5. Nc3 Bg7 6. Be3 Nf6 7. Bc4 Qa5 8. 0-0 d6 9. Nb3 Qd8 10. Be2 Be6 11. f4 Na5 12. f5 Bc4 13. e5 Bxe2 14. Qxe2 dxe5 15. Rad1 Nd7 16. Nc5 b6 17. Rxd7 Qc8 18. Nd5 bxc5 19. Rxe7+ 1-0

[Event "Kemerovo op"]
[Site "Kemerovo"]
[Date "2010.07.28"]
[Round "4"]
[White "Ushacov, Vladimir"]
[Black "Akentjev, Oleg"]
[Result "1-0"]
[WhiteElo "2145"]
[BlackElo "1847"]
[PlyCount "65"]
[EventDate "2010.07.26"]
[EventType "swiss"]
[EventRounds "9"]
[EventCountry "RUS"]
[SourceTitle "EXT 2011"]
[Source "ChessBase"]
[SourceDate "2010.11.26"]
[SourceVersion "1"]
[SourceVersionDate "2010.11.26"]
[SourceQuality "1"]

1. d4 f5 2. g3 Nf6 3. Bg2 e6 4. Nh3 Bb4+ 5. c3 Be7 6. Nd2 d6 7. e4 Nbd7 8. exf5 exf5 9. Nf4 Nf8 10. Qb3 Rb8 11. 0-0 g5 12. Nd5 Be6 13. Re1 Kf7 14. c4 Bxd5 15. cxd5 Ng6 16. Qd3 Qd7 17. Re6 Kg7 18. Qxf5 Rbf8 19. Be4 c6 20. Rxf6 Qxf5 21. Rxf5 Rxf5 22. Bxf5 cxd5 23. Nf1 Rf8 24. Be6 Bf6 25. Be3 Ne7 26. Rc1 Nc6 27. Bxd5 Nxd4 28. Rc7+ Kh6 29. Be4 Ne2+ 30. Kg2 Rh8 31. h4 b5 32. Nh2 Nd4 33. Ng4+ 1-0

[Event "Kemerovo op"]
[Site "Kemerovo"]
[Date "2009.10.19"]
[Round "5"]
[White "Sinkin, Boris"]
[Black "Ushacov, Vladimir"]
[Result "0-1"]
[WhiteElo "1985"]
[BlackElo "2135"]
[PlyCount "30"]
[EventDate "2009.10.16"]
[EventType "swiss"]
[EventRounds "9"]
[EventCountry "RUS"]
[SourceTitle "EXT 2010"]
[Source "ChessBase"]
[SourceDate "2010.11.25"]
[SourceVersion "1"]
[SourceVersionDate "2010.11.25"]
[SourceQuality "1"]

1. e4 c5 2. Nf3 Nc6 3. d4 cxd4 4. Nxd4 Nf6 5. Nc3 d6 6. f3 Nxd4 7. Qxd4 g6 8. Be3 Bg7 9. 0-0-0 0-0 10. Qd2 Be6 11. Kb1 Rc8 12. g4 Nxg4 13. fxg4 Rxc3 14. bxc3 Qa5 15. c4 Bc3 0-1

[Event "Kemerovo op"]
[Site "Kemerovo"]
[Date "2009.10.18"]
[Round "4"]
[White "Ushacov, Vladimir"]
[Black "Sitnikov, Dmitrij"]
[Result "0-1"]
[WhiteElo "2135"]
[BlackElo "2407"]
[PlyCount "70"]
[EventDate "2009.10.16"]
[EventType "swiss"]
[EventRounds "9"]
[EventCountry "RUS"]
[SourceTitle "EXT 2010"]
[Source "ChessBase"]
[SourceDate "2010.11.25"]
[SourceVersion "1"]
[SourceVersionDate "2010.11.25"]
[SourceQuality "1"]

1. Nf3 d5 2. d4 c6 3. c4 e6 4. g3 dxc4 5. Bg2 Nd7 6. 0-0 Ngf6 7. Nc3 Be7 8. e4 0-0 9. e5 Nd5 10. Ne4 h6 11. Nfd2 b5 12. a4 a6 13. Qh5 f5 14. exf6 N7xf6 15. Qe2 Qe8 16. Re1 Bd7 17. Nf3 Bb4 18. Bd2 Nxe4 19. Qxe4 Rxf3 20. Bxb4 Rb3 21. Bd6 Rxb2 22. Be5 Qf7 23. Rf1 b4 24. Qh4 a5 25. Be4 Nc3 26. Rae1 Rf8 27. f3 Ra2 28. Qg4 Rxa4 29. Bg6 Qe7 30. Re4 Be8 31. Bxg7 Qxg7 32. Qxe6+ Kh8 33. Rg4 Bd7 34. Qd6 Nb5 35. Qe5 Qxe5 0-1

[Event "Kemerovo op 08"]
[Site "Kemerovo"]
[Date "2009.08.27"]
[Round "8"]
[White "Storozhev, Nikolai"]
[Black "Ushacov, Vladimir"]
[Result "1/2-1/2"]
[WhiteElo "2024"]
[BlackElo "2135"]
[PlyCount "51"]
[EventDate "2009.08.22"]
[EventType "swiss"]
[EventRounds "9"]
[EventCountry "RUS"]
[SourceTitle "EXT 2012"]
[Source "ChessBase"]
[SourceDate "2011.11.24"]
[SourceVersion "1"]
[SourceVersionDate "2011.11.24"]
[SourceQuality "1"]

1. d4 Nf6 2. Nf3 g6 3. c4 Bg7 4. g3 0-0 5. Bg2 d6 6. 0-0 Nbd7 7. b3 e5 8. Bb2 e4 9. Ng5 e3 10. f4 d5 11. Na3 Re8 12. f5 Nf8 13. fxg6 fxg6 14. cxd5 h6 15. Nf3 Nxd5 16. Nc4 Bf5 17. Nfe5 h5 18. Bxd5+ Qxd5 19. Nxe3 Qe4 20. Nxf5 gxf5 21. Qd2 Ne6 22. Qd3 Qxd3 23. exd3 Nxd4 24. Bxd4 Bxe5 25. Bxe5 Rxe5 26. Rae1 1/2-1/2

[Event "Kuzbass-ch op"]
[Site "Kemerovo"]
[Date "2008.11.19"]
[Round "7"]
[White "Ushacov, Vladimir"]
[Black "Savintsev, Dmitriy"]
[Result "1-0"]
[WhiteElo "2130"]
[BlackElo "1859"]
[PlyCount "65"]
[EventDate "2008.11.14"]
[EventType "swiss"]
[EventRounds "9"]
[EventCountry "RUS"]
[SourceTitle "EXT 2022"]
[Source "ChessBase"]
[SourceDate "2021.10.06"]
[SourceVersion "1"]
[SourceVersionDate "2021.10.06"]
[SourceQuality "1"]

1. d4 e6 2. c4 f5 3. g3 Nf6 4. Bg2 d5 5. Nf3 c6 6. 0-0 Bd6 7. Bf4 Bxf4 8. gxf4 0-0 9. Nc3 Nbd7 10. Qb3 Qb6 11. e3 h6 12. Kh1 Ne4 13. Qc2 Kh7 14. Nxe4 dxe4 15. Ne5 c5 16. f3 Nxe5 17. dxe5 exf3 18. Bxf3 Bd7 19. Rad1 Bc6 20. Rd6 Bxf3+ 21. Rxf3 Qa5 22. Rf1 Rae8 23. e4 Re7 24. exf5 exf5 25. Rg1 b5 26. Qg2 Qc7 27. Rxh6+ Kg8 28. Qd5+ Rff7 29. Rhg6 Kf8 30. e6 Rf6 31. Rxg7 Ke8 32. Qa8+ Qd8 33. Rg8+ 1-0